TB. OF BIOCHEMISTRY FOR MEDICAL STUDENTS (Record no. 20963)

MARC details
000 -LEADER
fixed length control field 00361nam a22001577a 4500
003 - CONTROL NUMBER IDENTIFIER
control field SGT
020 ## - INTERNATIONAL STANDARD BOOK NUMBER
International Standard Book Number 9789389034981
082 ## - DEWEY DECIMAL CLASSIFICATION NUMBER
Classification number 612.015
Item number B21V
100 ## - MAIN ENTRY--PERSONAL NAME
Personal name VASUDEVAN, DM
245 ## - TITLE STATEMENT
Title TB. OF BIOCHEMISTRY FOR MEDICAL STUDENTS
250 ## - EDITION STATEMENT
Edition statement 9TH
260 ## - PUBLICATION, DISTRIBUTION, ETC. (IMPRINT)
Place of publication, distribution, etc INDIA
Name of publisher, distributor, etc JAYPEE PUB
Year of Publication 2021
300 ## - PAGE DESCRIPTION
No. of Pages 824
650 ## - SUBJECT ADDED ENTRY--TOPICAL TERM
Topical term or geographic name as entry element BIOCHEMISTTRY
942 ## - ADDED ENTRY ELEMENTS (KOHA)
Source of classification or shelving scheme Dewey Decimal Classification
Koha item type Books
942 ## - ADDED ENTRY ELEMENTS (KOHA)
-- 119
Holdings
Withdrawn status Lost status Source of classification or shelving scheme Damaged status Not for loan Collection code Home library Current library Shelving location Date acquired Vendor Name Cost, normal purchase price SGTU Bill Number Total Checkouts Total Renewals Full call number Accession No. (Barcode) Date last seen Date last borrowed Bill Date Koha item type
    Dewey Decimal Classification     MEDICAL SGT Medical Library SGT Medical Library Text Book 26/03/2021 ABC DELHI 1395.00 SGTU 12725 62 2 612.015 B21V FM12242 01/04/2026 14/03/2026 19/02/2021 Books
    Dewey Decimal Classification     MEDICAL SGT Medical Library SGT Medical Library Text Book 26/03/2021 ABC DELHI 1395.00 SGTU 12725 1   612.015 B21V FM12243 24/09/2021 06/09/2021 19/02/2021 Books
    Dewey Decimal Classification     MEDICAL SGT Medical Library SGT Medical Library Text Book 26/03/2021 ABC DELHI 1395.00 SGTU 12725 15   612.015 B21V FM12244 07/04/2026 07/04/2026 19/02/2021 Books
    Dewey Decimal Classification     MEDICAL SGT Medical Library SGT Medical Library Text Book 26/03/2021 ABC DELHI 1395.00 SGTU 12725 56   612.015 B21V FM12245 10/01/2026 25/12/2025 19/02/2021 Books